Rappers Real Names - Statistics

General Stats
  • This quiz has been taken 131 times
  • The average score is 8 of 18
Answer Stats
Real Name Rapper % Correct
Marshall Mathers Eminem
98%
Aubrey Graham Drake
82%
Curtis Jackson 50 Cent
79%
Onika Maraj Nicki Minaj
75%
Dwayne Carter Lil Wayne
72%
Shawn Carter Jay Z
59%
O'Shea Jackson Ice Cube
58%
Melissa Elliott Missy Elliott
56%
Calvin Broadus Snoop Dogg
49%
Andre Young Dr. Dre
42%
Sean Anderson Big Sean
32%
Amethyst Kelly Iggy Azalea
32%
Christopher Bridges Ludacris
24%
Clifford Harris T.I.
23%
Eve Jeffers-Cooper Eve
22%
Cameron Thomaz Wiz Khalifa
20%
Trevor Smith Busta Rhymes
13%
Mathangi Arulpragasam M.I.A.
13%
No matching quizzes found
Score Distribution
Percent of People with Each Score
Percentile by Number Answered
Your Score History
You have not taken this quiz